000
00345nam a22001457a 4500
008
210322b ||||| |||| 00| 0 eng d
020
_a
X000B70ZML
041
_a
eng
080
_a
616.9
082
_a
616.9
100
_a
8
101
_a
INF
245
_a
Beyond Condoms Alternative Approaches to HIV Prevention
_c
O'Leary, A
942
_2
udc
_c
BK
999
_c
56620
_d
56620